Riešenie problému zásobovania výroby pomocou simulácie

Saved in:
Bibliographic Details
Main Author: Škodová, Jana, 1985- (Author)
Other Authors: Važan, Pavel, 1962- (Thesis advisor)
Format: Manuscript Book
Language:Slovak
Published: Trnava : STU v Bratislave MTF UIAM, 2013
Subjects:
Online Access:VAIS
Tags: Add Tag
No Tags, Be the first to tag this record!

MARC

LEADER 00000ntm a22000003a 4500
001 stu269025
005 20150617230028.0
008 130621s2013----xo------------------slo-d
040 |a STU  |b slo 
041 0 |a slo 
044 |a xo 
100 1 |a Škodová, Jana,  |d 1985-  |4 aut  |u M  |T MTF Materiálovotechnologická fakulta  |X 9606  |U M  |Y 60  |7 A000009606 
242 0 0 |a Solving the problem of supply manufacturing by simulation  |y eng 
245 1 |a Riešenie problému zásobovania výroby pomocou simulácie 
260 |a Trnava :  |b STU v Bratislave MTF UIAM,  |c 2013 
650 7 |a modeling  |2 estusub 
650 7 |a simulation  |2 estusub 
650 7 |a Witness  |2 estusub 
650 7 |a logistics  |2 estusub 
650 7 |a logistika  |2 stusub 
650 7 |a modelovanie  |2 stusub 
650 7 |a zásobovanie  |2 stusub 
650 7 |a simulácia  |2 stusub 
700 1 |a Važan, Pavel,  |d 1962-  |4 ths  |u M6000  |U MTF Materiálovotechnologická fakulta  |T MTF Ústav aplikovanej informatiky, automatizácie a matematiky  |X 323  |U M6000  |Y 86  |7 A000000323 
856 4 |a info a plný text  |u http://is.stuba.sk/zp/portal_zp.pl?podrobnosti=103358  |3 VAIS 
996 |c M*DP-11641  |l MMSKP  |s P  |a 0  |w stu269025_0001